000 00622nam a22002537a 4500
008 130514b xxu||||| |||| 00| 0 eng d
020 _a0-521-59935-0
024 _cavailable
037 _cavailable
082 _222
_a423 DAE
100 _aJones, Daniel
110 _a
245 _aEnglish Pronuncing Dictionary
250 _a
260 _aLondon
_bCambridge University Press
_c2000
300 _a14 cm
_b559 page
_f1
_g14 cm
600 _aDictionary
650 _2
700 _aJones, Daniel
270 _aLondon
_bLondon
_dUK
365 _b388.00
_d388.00
942 _2ddc
_cBK
999 _c391
_d391